| 000 | 00847nem a22002417a 4500 | ||
|---|---|---|---|
| 005 | 20191224042245.0 | ||
| 008 | 160421b1992 ck ||||| |a|| 00| 0 spa d | ||
| 040 |
_aCO-BoIAVH _cCO-BoIAVH |
||
| 041 | _aspa | ||
| 044 | _ack | ||
| 090 |
_aMC- _b0025 |
||
| 110 | 2 |
_aInstituto Geográfico Agustín Codazzi _995695 |
|
| 245 | 1 |
_aRepublica de Colombia Departamento de Amazonas _cInstituto Geográfico Agustín Codazzi, Ministerio de Hacienda y Crédito Público _h[Material Cartográfico] |
|
| 250 | _a2a edición. | ||
| 255 | _a1:700.000 | ||
| 260 |
_aBogotá _bInstituto Geográfico Agustín Codazzi _c1992 |
||
| 300 |
_a1 mapa ; _bColor _c80 x 69 cm |
||
| 650 | 4 |
_aGeografía _992259 |
|
| 650 | 4 |
_aHidrografía _95361 |
|
| 650 | 4 |
_aTopografía| _9605 |
|
| 710 | 1 |
_aMinisterio de Hacienda y Crédito Público _eColombia _970176 |
|
| 942 |
_2z _cMapa |
||
| 999 |
_c18324 _d18324 |
||